|
|
|
|
| LEADER |
00000nab#a22000007a#4500 |
| 001 |
arbauad024865 |
| 003 |
AR-BaUAD |
| 005 |
20250711112056.0 |
| 008 |
970218|||||||||###||||||b###|0###a|spa|| |
| 040 |
|
|
|a AR-BaUAD
|c AR-BaUAD
|b spa
|
| 245 |
1 |
0 |
|a Interieur
|
| 300 |
0 |
|
|b cortes, fot., plantas
|
| 653 |
|
|
|a DISEÑO DE INTERIORES
|
| 653 |
|
|
|a FRANCIA
|
| 653 |
|
|
|a BIBLIOTECAS
|
| 653 |
|
|
|a OFICINAS
|
| 653 |
|
|
|a RESTAURANTES
|
| 653 |
|
|
|a CENTROS DE CONVENCIONES
|
| 653 |
|
|
|a BOISSELIER, PHILIPPE
|
| 653 |
|
|
|a RIO, HUBERT
|
| 653 |
|
|
|a ATELIER 13
|
| 653 |
|
|
|a KALAYCIYAN, KIRKOR
|
| 653 |
|
|
|a GAVOILLE, KRISTIAN
|
| 653 |
|
|
|a TESSIER, DOMINIQUE
|
| 653 |
|
|
|a WILMOTTE, JEAN MICHEL
|
| 653 |
|
|
|a VIGUIER, JEAN PAUL
|
| 773 |
0 |
|
|t Techniques & Arch.
|g no. 429 [dic.-ene. 1997], p. 113-119
|
| 942 |
|
|
|c ARTI
|
| 952 |
|
|
|0 0
|1 0
|4 0
|7 0
|9 69784
|a AR-BAuAD
|b AR-BAuAD
|d 2025-07-11
|l 0
|p AAQA024865
|r 2025-07-11 11:20:56
|w 2025-07-11
|y ARTI
|
| 990 |
|
|
|a AQ199
|b TD
|
| 998 |
|
|
|a AAQ
|b BIBUN76
|
| 999 |
|
|
|c 49457
|d 49457
|